MDQL
is popping MORE tags! Check the
thread
!
Quizzes
Events
Quiz Creation
Community
Videos
Private Events
Remove Ads
Sign In
Join for FREE
Feedback
Dark Mode
Quiz Categories
Sports
Geography
Music
Movies
Television
Just For Fun
Miscellaneous
History
Literature
Language
Science
Gaming
Entertainment
Religion
Holiday
For Kids
Quiz Lab
Recent
Popular Today
Quiz Kudos Today
Editor Picks
Curator Picks
Quizzes by...
Day
Popularity
Type
Ratings
Length
Year
Community
Subscriptions
Recent Discussions
Orange Saloon
Badges
Playlists
Quests
Create
Leaderboards
Showdown
Live 5
Trivia Bingo
Activity
Puzzle Library
Sporcle Events
Private Events
Virtual Trivia
Globe League
Become a Host
Pub Owners
SporcleCon
Opinionation
Our Games
Videos
Blog
Mobile Apps
Partnerships
Remove Ads and Go Orange
Feedback
Sports
Athletes
MLB
NBA
NHL
NFL
Soccer
Sports Teams
WWE
NCAA
Football
Premier League
Basketball
Baseball
Hockey
Golf
Tennis
Cricket
Rugby
Auto Racing
Olympics
World Cup
Sports
Athletes
MLB
NBA
NHL
NFL
Soccer
Sports Teams
WWE
NCAA
Football
Premier League
Basketball
Baseball
Hockey
Golf
Tennis
Cricket
Rugby
Auto Racing
Olympics
World Cup
Random Quiz
Search Sporcle
×
Quiz Lab
Quiz Lab
Sports
NFL
Type in answers that appear in a list
Type in answers that appear in a list
Classic
Best Score? Go Orange.
2009 NFL Starting Quarterbacks Stats
Can you name the 2009 NFL Starting Quarterbacks?
By
falconclone
7m
32 Questions
477 Plays
477 Plays
477 Plays
Comments
Comments
Give Quiz Kudos
Give Quiz Kudos
-
- Ratings
hide this ad
Replay
Link that replays current quiz
Next Quiz
Link to next quiz in quiz playlist
You Got
0%
They Got
Avg Score
84%
Avg Friend Score
Upgrade to see
Score Distribution
Jump to the score distribution portion of the page
Score
0/32
Timer
07:00
0
Plays Today
Team
Quarterback
% Correct
Indianapolis Colts
Peyton Manning
96.6%
Arizona Cardinals
Kurt Warner
96%
New York Giants
Eli Manning
95.4%
Minnesota Vikings
Brett Favre
94.5%
New England Patriots
Tom Brady
93.9%
New Orleans Saints
Drew Brees
93.9%
Dallas Cowboys
Tony Romo
93.5%
Baltimore Ravens
Joe Flacco
90.8%
New York Jets
Mark Sanchez
90.4%
Green Bay Packers
Aaron Rodgers
90.1%
Philadelphia Eagles
Donovan McNabb
89.7%
San Diego Chargers
Philip Rivers
89.7%
Chicago Bears
Jay Cutler
88.5%
Atlanta Falcons
Matt Ryan
88.3%
Cincinnati Bengals
Carson Palmer
88.1%
Pittsburgh Steelers
Ben Roethlisberger
86.2%
Team
Quarterback
% Correct
Tennessee Titans
Vince Young
86%
Denver Broncos
Kyle Orton
85.3%
Carolina Panthers
Jake Delhomme
84.3%
Houston Texans
Matt Schaub
83.9%
Cleveland Browns
Brady Quinn
80.5%
Seattle Seahawks
Matt Hasselbeck
80.5%
Detroit Lions
Matthew Stafford
80.1%
Miami Dolphins
Chad Henne
79.2%
Oakland Raiders
JaMarcus Russell
79.2%
Kansas City Chiefs
Matt Cassel
76.5%
San Francisco 49ers
Alex Smith
75.5%
Washington Redskins
Jason Campbell
73.8%
Jacksonville Jaguars
David Garrard
73.6%
Buffalo Bills
Trent Edwards
73.2%
St. Louis Rams
Marc Bulger
68.3%
Tampa Bay Buccaneers
Josh Freeman
65%
Quiz Playlist
Details
Report
Send in Message
Add To Playlist
Classic:
Type in answers that appear in a list
Last Updated: Feb 16, 2017
Quiz Scoreboard
CHALLENGE
Sign Up to Join the Scoreboard
Show All
Scores
Hide
Comments
May contain spoilers
Recently Published
Find the 'City' Movie
by crazypaving
Movies
60s
5x2 Blitz: Bands
by SL_Kpop136
Music
30s
Colored Red Africa Blitz
by spor1
Geography
30s
More to Explore
Quiz From the Vault
Featured Blog Post
14 Easter Pick-up Lines to Find Eggs With
hide this ad
You Might Also Like...
Tags
NFL Quiz
2009
Quarterbacks
Starting
team
Today's Top Quizzes in Sports
Browse Sports
hide this ad
Today's Top Quizzes in NFL
Browse NFL
Top Contributed Quizzes in Sports
1
Players with Multiple 50 Home Run Seasons
2
Criteria MLB: Left Handed Sluggers
3
MLB Players with Two .350 Batting Average Seasons
4
Who Hit More Homers?
5
Premier League Clubs since 2000 (minefield)
6
Who Needs Fielders?
7
2020 F1 Drivers Logic Puzzle
8
Les entraîneurs de l'OM et du PSG au 21e siècle
9
Top 10 NHL Goal Scorers of All Time
10
MLB Hall of Famer by Rings
Explore More
Trending Topics
Kpop
Disney
Harry Potter
Marvel
Crossword
NBA
Anime
The Office
Soccer
WWE
Puzzle
NFL
Pokémon
Country
Song
hide this ad
More By:
falconclone
Quiz
Plays
Rating
Category
Featured
Created
2009 NFL Starting Quarterbacks
477
1.80
Sports
Jan 9, 2010
NCAA Basketball Major Conferences
445
3.00
Sports
Jan 8, 2010
Pokemon Kanto Towns/Cities
259
2.67
Gaming
Jan 8, 2010
Go to Creator's Profile
Score Distribution
Quiz Creator Spotlight
falconclone
Follow
Send a Message
Quizzes Created
-
Created Quiz Play Count
-
More By This Creator
Popular Quizzes Today
1
Colored Red Africa Blitz
2
Find the 'City' Movie
3
5x2 Blitz: Bands
4
Find the US States - No Outlines Minefield
5
The Countries of the World
6
Find the US States
7
US States
8
9x9 Crossword: Cartoon Network
More Sports Quizzes
Venn is Your Tee Time?
Quiz Lab
Trending Quizzes
Colored Red Europe Blitz I
Colored Red Africa Blitz II
Colored Red Europe Blitz II
Colored Red Europe Blitz III
Colored Red Africa Blitz III
Recently Updated
Champions League XIs: Real Madrid
pecheneg
Largest US Cities 1790-2010
pecheneg
Rides in Walt Disney World
pecheneg
Most Oscar Losses (Acting)
pecheneg
Beyoncé Albums
pecheneg
Leaping Animals
pecheneg
Reality TV Shows (A-Z)
bhenderson79
Rickey Henderson's Hall of Fame Teammates
pecheneg
Champions League XIs: Arsenal
pecheneg
Quick Pick: Celebrities in WWE's Hall of Fame
aduchscher
Trending Topics
Crossword
Kpop
Disney
NBA
Harry Potter
Marvel
Anime
NFL
The Office
Soccer
Pokémon
Puzzle
WWE
Song
Country
Your Account Isn't Verified!
In order to create a playlist on Sporcle, you need to verify the email address you used during registration. Go to your
Sporcle Settings
to finish the process.
Report this User
Report this user for behavior that violates our
Community Guidelines
.
Details:
Send Report
Go to the Sporcle.com Mobile Site →
Comments